Vybrané formy digitálneho marketingu a ich vplyv na spotrebiteľov bakalárska práca

Guardado en:
Detalles Bibliográficos
Autor principal: Kostková, Laura
Autor Corporativo: Obchodná fakulta EU. Katedra marketingu
Otros Autores: Vernerová, Dominika, 1994-
Formato: Libro
Lenguaje:eslovaco
Publicado: Bratislava 2022
Etiquetas: Agregar Etiqueta
Sin Etiquetas, Sea el primero en etiquetar este registro!

MARC

LEADER 00000nbm a2200000 4500
001 0285777
005 20221128132401.5
041 0 |a slo 
044 |a SK 
245 1 0 |a Vybrané formy digitálneho marketingu a ich vplyv na spotrebiteľov  |b bakalárska práca  |c Laura Kostková ; školiteľ: Dominika Vernerová 
264 1 |a Bratislava  |c 2022 
300 |a 70 s. 
100 1 |a Kostková, Laura 
700 1 |a Vernerová, Dominika, 1994- 
710 2 |a Obchodná fakulta EU. Katedra marketingu